| 000 | 01942nam a2200409 a 4500 | ||
|---|---|---|---|
| 999 |
_c185736 _d185736 |
||
| 003 | BLK | ||
| 005 | 20241219112828.0 | ||
| 008 | 180411b bul|||||r ||||||| ||bul|| | ||
| 010 | _aKNG00194730000 | ||
| 040 | _aBLK | ||
| 041 |
_aBUL _cBUL |
||
| 080 |
_aОткривателски пътешествия. Експедиции _b910.4 _x(45)(092) _z910.4(45)(092) |
||
| 080 |
_aГенуезки изследовател и търговец, прекосил Атлантическия океан и достигнал Америка _b929 Колумб, Христофор _z929 Колумб, Христофор |
||
| 100 | 1 |
_aМорисън, Самюел Е. _eпърви автор _9295507 |
|
| 139 |
_aМорисън, Самюел Е. _bК 79 |
||
| 245 | 1 | 0 |
_aХристофор Колумб - мореплавателят _bБиогр. _cСамюел Е. Морисън; прев. от англ. Красимира Владимирова Икономова. |
| 257 | _aUSA | ||
| 260 |
_bДърж. изд. _c1969 _aСофия |
||
| 300 |
_c21 см _a224 с. |
||
| 380 | _a91 | ||
| 490 |
_aБиблиотека Морета, брегове и хора _9205773 |
||
| 600 | 1 | 4 |
_aКолумб, Христофор _981616 |
| 650 | 4 |
_aПътешественици, италиански - биографии _9313082 |
|
| 650 | 7 |
_aГеографски пътешествия и открития - Америка - история _2 _9151892 |
|
| 653 | _aХристофор Колумб | ||
| 653 | _aпътешественици | ||
| 653 | _aоткриватели | ||
| 653 | _aмореплаватели | ||
| 700 |
_aИкономова, Красимира Владимирова _9365183 |
||
| 852 | _aЦб 49499 | ||
| 856 | 4 | _qpdf | |
| 856 | 4 | _qpdf | |
| 942 |
_cKNG _n0 _01 _s1 |
||
| 944 |
_aCR _c31.10.2016 _k30560 _lГеновева Генчева |
||
| 944 |
_aED _c31.10.2016 _kКети_Илиева |
||
| 999 | _d185736 | ||